• 首页
  • 本馆介绍
  • 公告通知
  • 最新文献
  • 馆藏检索
  • 电子资源
  • 读者导购
  • 参考咨询
  • 我的图书馆
  • 登录
  • 详细信息显示
  • 放入我的书架
  • 预约/预借图书
  • 作者相关作品
  • 分类相关作品
  • 丛书相关作品
  • 出版社相关作品

书目信息

  • 表格格式
  • 工作单格式
  • 卡片格式
题名:
两岸新编中国近代史
    
 
作者: 王建朗 , 黄克武 主编
分册: 下   晚清卷
出版信息: 北京   社会科学文献出版社  2016.09
页数: 549-1170页
开本: 24cm
丛书名:
单 册:
中图分类: K250.7 , K252.07
科图分类:
主题词: 中国历史--近代史--研究 , 清后期--古代史--研究
电子资源:
ISBN: 978-7-5097-8451-8
000 01225nam0 2200301 450
001 0120151652733
005 20170911100434.31
010    @a978-7-5097-8451-8@dCNY134.00,CNY268.00(全2册)
100    @a20161008d2016 em y0chiy50 ea
101 0  @achi
102    @aCN@b110000
105    @ay z 001yy
106    @ar
200 1  @a两岸新编中国近代史@9liang an xin bian zhong guo jin dai shi@i晚清卷@h下@f王建朗,黄克武主编
210    @a北京@c社会科学文献出版社@d2016.09
215    @a549-1170页@d24cm
300    @a中国社会科学院创新工程学术出版资助项目 国家出版基金项目
304    @a英文共同题名:The new history of modern China written by scholars across the strait
330    @a本书在注重学界过往比较重视的政治、经济、外交史研究的同时,也注重体现近年来学术研究的新视角与新趋向,在思想、文化、社会史研究等方面,留有充分的写作与讨论空间。内容包括:清代通商与外政制度、十九世纪前期中西关系的演变等。
333    @a中国近代史研究人员
606 0  @a中国历史@x近代史@x研究
606 0  @a清后期@x古代史@x研究
690    @aK250.7@v5
690    @aK252.07@v5
701  0 @a王建朗@9wang jian lang@4主编
701  0 @a黄克武@9huang ke wu@4主编
801  0 @aCN@b人天书店@c20161008
905    @b1069859-61@dK250.7@e226:2@f3
    
    两岸新编中国近代史.晚清卷.下/王建朗,黄克武主编.-北京:社会科学文献出版社,2016.09
    549-1170页;24cm
    中国社会科学院创新工程学术出版资助项目 国家出版基金项目.-使用对象:中国近代史研究人员
    
    ISBN 978-7-5097-8451-8:CNY134.00,CNY268.00(全2册)
    本书在注重学界过往比较重视的政治、经济、外交史研究的同时,也注重体现近年来学术研究的新视角与新趋向,在思想、文化、社会史研究等方面,留有充分的写作与讨论空间。内容包括:清代通商与外政制度、十九世纪前期中西关系的演变等。
●
相关链接 在E读中查询图书 在五车中查询图书 在当当中查询图书 在豆瓣中查询图书


正题名:两岸新编中国近代史     索取号:K250.7/226:2         预约/预借

序号 登录号 条形码 馆藏地/架位号 状态 备注
1 1069859   210698592   第二样本阅览室/ [索取号:K250.7/226:2] 在馆    
2 1069860   210698609   第二借阅区/ [索取号:K250.7/226:2] 在馆    
3 1069861   210698618   第二借阅区/ [索取号:K250.7/226:2] 在馆    
唐山师范学院图书馆 欢迎您!
大连网信软件有限公司© 版权所有